| 000 | 00821cam a2200265 a 4500 | ||
|---|---|---|---|
| 001 | 16605198 | ||
| 005 | 20170105102912.0 | ||
| 008 | 110110s2010 at a b 001 0 eng | ||
| 010 | _a 2011289318 | ||
| 020 | _a9781742370569 | ||
| 040 |
_aDLC _cDLC |
||
| 042 | _apcc | ||
| 050 | 0 | 0 |
_aTR850 _b.M66 2010 |
| 100 | 1 | _aMollison, Martha. | |
| 245 | 1 | 0 |
_aProducing videos : _ba complete guide / _cMartha Mollison. |
| 250 | _a2nd ed. | ||
| 260 |
_aCrows Nest, NSW : _bAllen & Unwin, _c2010. |
||
| 300 |
_axiv, 568 p. : _bill. ; _c25 cm. |
||
| 504 | _aIncludes bibliographical references and index. | ||
| 650 | 0 | _aVideo recording. | |
| 650 | 0 |
_aVideo recordings _xProduction and direction. |
|
| 906 |
_a7 _bcbc _corigcop _d2 _encip _f20 _gy-gencatlg |
||
| 942 |
_2ddc _cBK |
||
| 999 |
_c15201 _d15201 |
||